01010nam a22002417a 450000500170000001000250001702000260004202000230006803500230009103700150011403700190012908200100014824500620015826000460022027000640026630000280033050000410035870000220039994200240042199900170044595201280046295201780059020110711123828.0 aENG-102968 B-444787 a9780198074922c285.00 a0198074921c285.00 aEN-86501 B-444787 bDBAD / PUB bAllied Pub/Ven a152.4 aHumiliation :bclaims and context /cedited by Gopal Guru aNew Delhi bOxford University Pressc2011 aYMCA Library Building, Jai Singh Road, bNew Delhi e110001 axii,238p. c22cm (pbk)  aIncludes bibliographical references  929413aGopal Guru 2ddccENmHUMh152.4 c53706d53706 00102ddc40718NFICaDBADbDBADd2011-07-11eDBAD/PUBg285.00l0o152.4 HUMpEN-86501r2011-07-11 00:00:00t1v285.00yEN 001040708NFICaLbLd2012-01-05eAllied/1045/13.09.11/78/14.3.11/12.10.2011g285.00l8m1o152.4 HUMpB-444787r2020-10-21 00:00:00s2020-03-17t1v285.00w2012-01-05yEN